Fr. Conceicao Rodrigues College of Engineering

A classical introduction to cryptography (Record no. 24220)

MARC details
000 -LEADER
fixed length control field 00280nam a2200145Ia 4500
082 ## - DEWEY DECIMAL CLASSIFICATION NUMBER
Classification number 5.82
100 ## - MAIN ENTRY--PERSONAL NAME
Personal name ad
245 ## - TITLE STATEMENT
Title A classical introduction to cryptography
260 ## - PUBLICATION, DISTRIBUTION, ETC.
Name of publisher, distributor, etc. tt
366 ## - TRADE AVAILABILITY INFORMATION
Publishers's discount category 20
546 ## - LANGUAGE NOTE
Language note ENGLISH
654 ## - SUBJECT ADDED ENTRY--FACETED TOPICAL TERMS
Focus term crptography
942 ## - ADDED ENTRY ELEMENTS (KOHA)
Koha item type BOOK
Holdings
Withdrawn status Lost status Damaged status Not for loan Collection Home library Current library Date acquired Source of acquisition Cost, normal purchase price Inventory number Total Checkouts Full call number Barcode Date last seen Cost, replacement price Price effective from Koha item type
        CRC Fr. Agnel's C.Rodrigues College of Engineering Fr. Agnel's C.Rodrigues College of Engineering 17/03/2023 Ane Books India 276.00 4 dt 29/04/2009   5.82 20106 17/03/2023 345.00   BOOK